Champion du monde moto 2 - Statistiques

Statistiques générales
  • Ce quiz a été pris 13 fois
  • Le résultat moyen est 13 sur 15
Statistiques - réponses
année nationalité pilotes moto 2 % Correct
2019 espagnol Alex Marquez
100%
2018 italien Francesco Bagnaia
100%
2016 français Johann Zarco
100%
2015 français Johann Zarco
100%
2012 espagnol Marc Marquez
100%
2023 espagnol Pedro Acosta
100%
2024 japonais Ai Ogura
88%
2022 espagnol Augusto Fernandez
88%
2020 italien Enea Bastianini
75%
2014 espagnol Esteve Rabat
75%
2017 italien Franco Morbidelli
75%
2013 espagnol Pol Espargaro
75%
2021 australien Remy Gardner
75%
2011 allemand Stefan Bradl
75%
2010 espagnol Toni Elias
63%
Aucun quiz correspondant
Distribution des résultats
% des personnes avec chaque résultat
Percentile par nombre de réponses
Votre historique - résultats
Vous n’avez pas pris ce quiz